Sports Quiz

Random Sports or NFL Quiz

NFL Most 100 Yard Rushing Games Quiz Stats

Quiz Updated Aug 7, 2017

Challenge
Share
Tweet
Embed
Score 0/31 Timer 07:00
3 Plays Today
100 Yard+ Games Player % Correct
78Emmitt Smith
93.8%
47LaDainian Tomlinson
88.6%
49Adrian Peterson
86.7%
76Barry Sanders
86.3%
77Walter Payton
86.2%
39Jim Brown
76.3%
40Chris Johnson
72.2%
41Marshall Faulk
70.1%
61Jerome Bettis
69.6%
37Shaun Alexander
67.6%
57Edgerrin James
67.1%
34Thomas Jones
66.8%
57Curtis Martin
64.4%
36Ricky Williams
64.2%
34Steven Jackson
63.1%
41Frank Gore
63%
100 Yard+ Games Player % Correct
34Terrell Davis
62.6%
64Eric Dickerson
62.1%
38Tiki Barber
57.7%
36Jamal Lewis
57.4%
42O.J. Simpson
55.8%
46Thurman Thomas
54%
44Clinton Portis
53.7%
49Fred Taylor
51.6%
34Ahman Green
49.2%
39Corey Dillon
46.3%
47Franco Harris
44.6%
36Eddie George
44.5%
35Ottis Anderson
43.4%
40Earl Campbell
40.9%
45Tony Dorsett
37%

You're not logged in!

Compare scores with friends on all Sporcle quizzes.
Sign Up with Email
OR
Log In

You Might Also Like...

Show Comments

Extras

Top Quizzes Today


Score Distribution

Your Account Isn't Verified!

In order to create a playlist on Sporcle, you need to verify the email address you used during registration. Go to your Sporcle Settings to finish the process.